| 000 | 00579nam a2200193Ii 4500 | ||
|---|---|---|---|
| 999 |
_c7603 _d7603 |
||
| 001 | 2621410 | ||
| 003 | OSt | ||
| 005 | 20190213180253.0 | ||
| 008 | 761214c19731971gh b 000 0 eng d | ||
| 040 |
_aEXC _cEXC _dBSC |
||
| 082 | _a261.27 | ||
| 092 |
_a261.2 _bC555w |
||
| 245 | 0 | 0 |
_aChristian witness among Muslims : _ba handbook written especially for Christians of Africa (south of Sahara). |
| 260 |
_aAccra, Ghana : _bAfrica Christian Press, _c1973, c1971. |
||
| 300 |
_a96 p. ; _c18 cm. |
||
| 504 | _aBibliography : p. 86. | ||
| 650 | 0 | _aMissions to Muslims. | |
| 942 |
_2ddc _cBK |
||